Rousseau y la conciencia moderna / (Record no. 108427)

MARC details
000 -LEADER
campo de control de longitud fija 00673nam a2200205 4500
001 - NÚMERO DE CONTROL
campo de control 108427
003 - IDENTIFICADOR DE NÚMERO DE CONTROL
campo de control ES-MaACL
005 - FECHA Y HORA DE LA ÚLTIMA TRANSACCIÓN
campo de control 20230906184636.0
007 - CAMPO FIJO DE DESCRIPCIÓN FÍSICA--INFORMACIÓN GENERAL
campo de control de longitud fija t|
008 - DATOS DE LONGITUD FIJA--INFORMACIÓN GENERAL
campo de control de longitud fija 061121s1943 ag r ||||1| spa d
100 1# - ENTRADA PRINCIPAL--NOMBRE DE PERSONA
Nombre de persona Mondolfo, Rodolfo.
9 (RLIN) 82147
245 10 - MENCIÓN DEL TÍTULO
Título Rousseau y la conciencia moderna /
Mención de responsabilidad, etc. Rodolfo Mondolfo; traducido del italiano por Vicente P. Quintero.
260 ## - PUBLICACIÓN, DISTRIBUCIÓN, ETC.
Lugar de publicación, distribución, etc. Buenos Aires :
Nombre del editor, distribuidor, etc. Imán,
Fecha de publicación, distribución, etc. 1943.
300 ## - DESCRIPCIÓN FÍSICA
Extensión 133 p. ;
Dimensiones 21 cm.
490 1# - MENCIÓN DE SERIE
Mención de serie Panorama de la filosofía y la cultura
700 1# - ENTRADA AGREGADA--NOMBRE PERSONAL
Nombre de persona Quintero, Vicente P.
9 (RLIN) 94722
830 0# - PUNTO DE ACCESO ADICIONAL DE SERIE-TÍTULO UNIFORME
Título uniforme Panorama de la filosofía y la cultura
9 (RLIN) 185562
852 ## - LOCALIZACIÓN
Ubicación ES-MaACL
Número de control de estantería D-5599
Sublocalización o colección R.27201
Holdings
Estatus retirado Estado de pérdida Estado de daño No para préstamo Biblioteca de origen Biblioteca actual Ubicación en estantería Fecha de adquisición Fuente de adquisición Total de préstamos Signatura topográfica completa Código de barras Visto por última vez Precio de reemplazo Tipo de ítem Koha
        Biblioteca del Ateneo de Madrid Biblioteca del Ateneo de Madrid Sala Valle Inclán 17/01/2008     D-5599 901113142 23/02/2023 23/02/2023 Libro impreso